Widok standardowy
Widok MARC
Pozycja Topical Term
Liczba rekordów, w których użyto hasła: 1
001 - Numer kontrolny
- control field: 39527
003 - Identyfikator numeru kontrolnego
- control field: NUKAT
005 - Data i czas ostatniej modyfikacji
- control field: 20260407124151.0
008 - Dane kontrolne kodowane (40 znaków)
- fixed length control field: 130306n||azznnbabn |a ana |
010 ## - Numer kontrolny Biblioteki Kongresu
- numer kontrolny LC: px2013007030
035 ## - Numer systemowy
- numer systemowy: a2672960x
035 ## - Numer systemowy
- numer systemowy: (PL)a0000002672960
040 ## - Instytucja sporządzająca rekord
- inst. przygot. dane do rek. khw: WA N
- język haseł przedmiotowych/tezaurus: DBN
- inst. wprow. rek. khw: WA N
150 ## - Hasło - nazwa pospolita
- nazwa posp. lub nazwa geogr. na pocz.: Fotografia wojenna
455 ## - Trop zob. - nazwa rodzaju/formy
- nazwa rodzaju/formy: Wojna
- określnik rzeczowy: w fotografii
550 ## - Trop zob. też - nazwa pospolita
- nazwa posp. lub nazwa geogr. na pocz.: Wojna
555 ## - Trop zob. też - nazwa rodz. lub formalna
- podpole kontrolne: g
- nazwa rodzajowa/formalna: Fotografie
680 ## - Uwaga ogólna przeznaczona do publicznej prezentacj
- tekst wyjaśniający: temat
- hasło lub określnik: Fotografia wojenna
- tekst wyjaśniający: stosuje się dla fotografii przedstawiających działania wojenne, lub sytuacje będące ich skutkiem
682 ## - Informacja o usuniętym haśle
- tekst wyjaśniający: zatwierdzone